=LDR 00000nam 2200000 4500 =001 INLIS000000000040468 =005 20130612150031 =008 ***********************************Ind** =035 ##$$a0010-061300000040468 =041 ##$$a Ind =082 ##$$a 420.7 =090 ##$$a 420.7, Fra m =100 ##$$a Frank, Marcella =245 ##$$a Modern english, Edisi dwi bahasa Inggris - Indonesia/Marcella Frank; alih bahasa,DM.FY. Budiyanto =260 ##$$a 1992 $b Jakarta =300 ##$$a ...Jil., 28 cm =650 ##$$a Bahasa Inggris - Studi Pengajaran =700 ##$$a BUdiyanto, FX =850 ##$$a NBPNMAT =990 ##$$a 0001/BPAP-NTB/20142014